01940nam a2200217 a 4500008004100000020001800041041000800059092001600067100003100083245012000114250001200234260004000246300002200286500015700308520093500465590006001400655002101460942001301481999001501494952021301509200311s2014 ag ||||gr|||| 001 0 spa d a9789500739719 aspa c864l6sBAC1 aBachrach, Estanilao.94136 aÁgilmente.bAprende cómo funciona tu cerebro para potenciar tu creatividad y vivir mejor /cEstanilao Bachrach. a20a ed. aBuenos Aires:bSudamericana;c2014. a392 p.b23x16 cm. aBachrach, E. (2014). Ágilmente. Aprende cómo funciona tu cerebro para potenciar tu creatividad y vivir mejor. (20 ed.). Buenos Aires : Sudamericana. a¿Creés que ser creativo es un atributo de genios y gurúes? Estas equivocado. Seas quien seas podés cambiar. La creatividad puede expandirse. Hoy la neurociencia es clara: el cerebro aprende hasta el último día de vida. Tu mente, mediante la aplicación de las técnicas correctas, puede modificar la anatomía y estructura de tu cerebro. Ágilmente es un libro sobre nuestro talento más preciado y único: la habilidad que tenemos para imaginar y ser más creativos. A través de estas páginas vas a lograr desarrollar todo tu potencial y a entender los mecanismos de tus propios aprendizajes, a comprender cómo utilizar los sentidos, a ampliar la memoria, a focalizar la atención, a controlar las emociones negativas y a disfrutar de las positivas. Dejate llevar en un viaje alucinante y divertido hacia lo más profundo de tu cerebro porque, una vez que lo conozcas, tu vida va a cambiar para siempre. aProyecto 4to libro. Donación Pardo Paula. Marzo 2020. aLiteratura92917 2ddccLIT c3095d3095 00102ddc4070aBFMbBFMcCRd2020-03-11eDonación Pardo, Paula. Marzo 2020.l1m1o864 6 BACp4649r2023-10-26s2023-10-05tEj. 1w2020-03-11yLITzProyecto 4to libro. Donación Pardo, Paula. marzo 2020.